| 000 | 00514nam a2200205Ia 4500 | ||
|---|---|---|---|
| 999 |
_c12754 _d12754 |
||
| 003 | 0100 | ||
| 005 | 20180219142441.0 | ||
| 008 | 130303s9999 xx 000 0 und d | ||
| 020 | _a058258521X | ||
| 040 | _cARRUPELIB | ||
| 050 | _aDT740.S62 | ||
| 100 |
_aShillington, Kevin _939377 |
||
| 245 | 2 | _aA history of Southern Africa | |
| 260 |
_aEngland _bLongman _c1987 |
||
| 300 | _a202p. | ||
| 300 | _b 24cm. | ||
| 650 |
_aAfrica, Southern _xHistory _939290 |
||
| 942 |
_2lcc _cMONOGRAPH |
||